<?xml version="1.0" encoding="UTF-8"?>
<record
    xmlns:xsi="http://www.w3.org/2001/XMLSchema-instance"
    xsi:schemaLocation="http://www.loc.gov/MARC21/slim http://www.loc.gov/standards/marcxml/schema/MARC21slim.xsd"
    xmlns="http://www.loc.gov/MARC21/slim">

  <leader>00593nam a22001337a 4500</leader>
  <datafield tag="040" ind1=" " ind2=" ">
    <subfield code="c">RUA</subfield>
  </datafield>
  <datafield tag="082" ind1=" " ind2=" ">
    <subfield code="a">AGR  PHO 2023 B1.446 Or.1</subfield>
  </datafield>
  <datafield tag="100" ind1=" " ind2=" ">
    <subfield code="a">PHON HORN, &#x1795;&#x17BB;&#x1793; &#x17A0;&#x17CA;&#x17B6;&#x1793;&#x17CB;</subfield>
  </datafield>
  <datafield tag="245" ind1=" " ind2=" ">
    <subfield code="a">Utilization of spent substrate on oyster mushroom cultivation, &#x1780;&#x17B6;&#x179A;&#x1794;&#x17D2;&#x179A;&#x17BE;&#x1794;&#x17D2;&#x179A;&#x17B6;&#x179F;&#x17CB;&#x17A2;&#x17B6;&#x1785;&#x1798;&#x17CD;&#x179A;&#x178E;&#x17B6;&#x178A;&#x17B6;&#x17C6;&#x178A;&#x17BB;&#x17C7;&#x179A;&#x17BD;&#x1785; &#x179B;&#x17BE;&#x1780;&#x17B6;&#x179A;&#x178A;&#x17B6;&#x17C6;&#x178A;&#x17BB;&#x17C7;&#x1795;&#x17D2;&#x179F;&#x17B7;&#x178F;&#x17A2;&#x17C6;&#x1794;&#x17C4;&#x17C7;</subfield>
  </datafield>
  <datafield tag="260" ind1=" " ind2=" ">
    <subfield code="a">PHNOM PENH</subfield>
    <subfield code="b">RUA</subfield>
    <subfield code="c">2023</subfield>
  </datafield>
  <datafield tag="300" ind1=" " ind2=" ">
    <subfield code="a">x,</subfield>
    <subfield code="b">ill,</subfield>
    <subfield code="c">29cm,</subfield>
  </datafield>
  <datafield tag="856" ind1=" " ind2=" ">
    <subfield code="u">https://drive.google.com/file/d/1zefR5Wf1RJPFKzmtLtUVQXxs0e1LrvgU/view?usp=sharing</subfield>
  </datafield>
  <datafield tag="942" ind1=" " ind2=" ">
    <subfield code="c">AGR</subfield>
  </datafield>
  <datafield tag="999" ind1=" " ind2=" ">
    <subfield code="c">24092</subfield>
    <subfield code="d">24092</subfield>
  </datafield>
  <datafield tag="952" ind1=" " ind2=" ">
    <subfield code="0">0</subfield>
    <subfield code="1">0</subfield>
    <subfield code="4">0</subfield>
    <subfield code="6">AGR_PHO_2023_000000000000000_B1_446_OR_1</subfield>
    <subfield code="7">0</subfield>
    <subfield code="9">102636</subfield>
    <subfield code="a">LBB</subfield>
    <subfield code="b">LBB</subfield>
    <subfield code="d">2025-02-05</subfield>
    <subfield code="o">AGR  PHO 2023 B1.446 Or.1</subfield>
    <subfield code="p">A082412</subfield>
    <subfield code="r">2025-02-05</subfield>
    <subfield code="y">AGR</subfield>
  </datafield>
  <datafield tag="952" ind1=" " ind2=" ">
    <subfield code="0">0</subfield>
    <subfield code="1">0</subfield>
    <subfield code="4">0</subfield>
    <subfield code="6">AGR_PHO_2023_000000000000000_B1_446_OR_2</subfield>
    <subfield code="7">0</subfield>
    <subfield code="9">102637</subfield>
    <subfield code="a">LBB</subfield>
    <subfield code="b">LBB</subfield>
    <subfield code="d">2025-02-05</subfield>
    <subfield code="o">AGR  PHO 2023 B1.446 Or.2</subfield>
    <subfield code="p">A081637</subfield>
    <subfield code="r">2025-02-05</subfield>
    <subfield code="y">AGR</subfield>
  </datafield>
  <datafield tag="952" ind1=" " ind2=" ">
    <subfield code="0">0</subfield>
    <subfield code="1">0</subfield>
    <subfield code="4">0</subfield>
    <subfield code="6">AGR_PHO_2023_000000000000000_B1_446_OR_3</subfield>
    <subfield code="7">0</subfield>
    <subfield code="9">102638</subfield>
    <subfield code="a">LBB</subfield>
    <subfield code="b">LBB</subfield>
    <subfield code="d">2025-02-05</subfield>
    <subfield code="o">AGR  PHO 2023 B1.446 Or.3</subfield>
    <subfield code="p">A081198</subfield>
    <subfield code="r">2025-02-05</subfield>
    <subfield code="y">AGR</subfield>
  </datafield>
  <datafield tag="952" ind1=" " ind2=" ">
    <subfield code="0">0</subfield>
    <subfield code="1">0</subfield>
    <subfield code="4">0</subfield>
    <subfield code="6">AGR_PHO_2023_000000000000000_B1_446_OR_1</subfield>
    <subfield code="7">0</subfield>
    <subfield code="9">105709</subfield>
    <subfield code="a">LBA</subfield>
    <subfield code="b">LBA</subfield>
    <subfield code="d">2025-09-15</subfield>
    <subfield code="o">AGR  PHO 2023 B1.446 Or.1</subfield>
    <subfield code="p">A083617</subfield>
    <subfield code="r">2025-09-15</subfield>
    <subfield code="y">AGR</subfield>
  </datafield>
  <datafield tag="952" ind1=" " ind2=" ">
    <subfield code="0">0</subfield>
    <subfield code="1">0</subfield>
    <subfield code="4">0</subfield>
    <subfield code="6">AGR_PHO_2023_000000000000000_B1_446_OR_1</subfield>
    <subfield code="7">0</subfield>
    <subfield code="9">105710</subfield>
    <subfield code="a">LBA</subfield>
    <subfield code="b">LBA</subfield>
    <subfield code="d">2025-09-15</subfield>
    <subfield code="o">AGR  PHO 2023 B1.446 Or.1</subfield>
    <subfield code="p">A083627</subfield>
    <subfield code="r">2025-09-15</subfield>
    <subfield code="y">AGR</subfield>
  </datafield>
</record>
